000 00405pab a2200145 454500
008 180718b2009 xxu||||| |||| 00| 0 eng d
100 _aTiwari, Nupur
245 _aRecent trends in gender mainstreaming and poverty alleviation: the Kudumbashree initiative
260 _c2009
300 _ap.128-35.
650 _aPoverty
773 _aIndian Journal of Federal Studies
908 _aN
909 _a84977
999 _c84977
_d84977